All Steve Lacy Songs - Statistics

General Stats
  • This quiz has been taken 1,029 times
  • The average score is 24 of 46
Answer Stats
Album Song % Correct
Steve Lacy's Demo Dark Red
91%
Gemini Rights Bad Habit
88%
Steve Lacy's Demo Ryd
76%
Gemini Rights Helmet
74%
Gemini Rights Mercury
74%
Single C U Girl
72%
Apollo XXI N Side
71%
Gemini Rights Static
71%
Gemini Rights Sunshine
71%
The Lo-Fis Infrunami
70%
Steve Lacy's Demo Some
70%
Gemini Rights Give You the World
62%
Gemini Rights Amber
61%
Apollo XXI Basement Jack
61%
Gemini Rights Buttons
60%
Apollo XXI Playground
60%
The Lo-Fis Uuuu
56%
Gemini Rights Cody Freestyle
55%
Apollo XXI Only If
53%
The Lo-Fis Atomic Vomit
51%
Steve Lacy's Demo Looks
51%
Apollo XXI Like Me
50%
The Lo-Fis Donchano
49%
Apollo XXI Hate CD
49%
Steve Lacy's Demo Thangs
49%
Gemini Rights 2Gether (Enterlude)
48%
Steve Lacy's Demo Haterlovin
46%
Apollo XXI Lay Me Down
46%
Apollo XXI Love 2 Fast
45%
The Lo-Fis Thats No Fun
45%
Apollo XXI Guide
44%
Apollo XXI Outro Freestyle/4ever
42%
Apollo XXI Amandla's Interlude
41%
The Lo-Fis Cocky Girl
41%
Apollo XXI In Lust We Trust
41%
The Lo-Fis 4real
40%
The Lo-Fis When I
40%
The Lo-Fis Jars of It
39%
The Lo-Fis Bars. 16
38%
The Lo-Fis Daze
38%
The Lo-Fis I Think I Should
37%
The Lo-Fis Out of Me Head
37%
The Lo-Fis Hummer
36%
The Lo-Fis The Song
36%
Single #3 Live Without Your Love
26%
Single #2 Moron
16%
No matching quizzes found
Score Distribution
Percent of People with Each Score
Percentile by Number Answered
Your Score History
You have not taken this quiz